WWE Royal Rumble 2026 - Statistics

General Stats
  • This quiz has been taken 482 times
  • The average score is 36 of 60
Answer Stats
Match # Answer % Correct
Men's 1 Oba Femi
94%
Men's 2 Bron Breakker
90%
Men's 26 Roman Reigns
88%
Men's 20 Logan Paul
85%
Men's 11 Cody Rhodes
84%
Men's 30 Gunther
84%
Men's 22 Brock Lesnar
81%
Women's 1 Charlotte Flair
81%
Men's 25 Jey Uso
80%
Women's 2 Alexa Bliss
78%
Women's 14 Liv Morgan
78%
Men's 16 Bronson Reed
76%
Men's 4 Rey Mysterio
74%
Men's 15 Austin Theory
73%
Women's 22 Rhea Ripley
72%
Women's 29 Brie Bella
69%
Men's 29 Randy Orton
69%
Women's 4 Nia Jax
68%
Women's 25 Nikki Bella
68%
Women's 20 Iyo Sky
65%
Men's 9 Mr. Iguana
65%
Women's 30 Tiffany Stratton
65%
Men's 8 Je'Von Evans
64%
Men's 21 LA Knight
64%
Men's 28 Penta
64%
Women's 10 Sol Ruca
64%
Men's 12 El Grande Americano I
63%
Men's 13 El Grande Americano II
63%
Women's 17 Raquel Rodriguez
63%
Women's 15 Lash Legend
62%
Men's 10 Trick Williams
62%
Women's 9 Becky Lynch
61%
Men's 7 Damian Priest
61%
Women's 21 Asuka
59%
Women's 11 Roxanne Perez
59%
Men's 3 Solo Sikoa
57%
Women's 28 Kairi Sane
54%
Men's 18 La Parka
54%
Men's 27 Jacob Fatu
53%
Men's 24 Rey Fenix
53%
Men's 19 Dragon Lee
51%
Men's 23 The Miz
51%
Women's 3 Kiana James
50%
Women's 23 Bayley
49%
Women's 13 Nattie
49%
Men's 5 Rusev
49%
Men's 14 Royce Keys
48%
Women's 18 Chelsea Green
46%
Women's 12 Maxxine Dupri
45%
Men's 6 Matt Cardona
43%
Women's 8 Jordynne Grace
42%
Women's 19 Giulia
41%
Women's 26 Lyra Valkyria
41%
Men's 17 Ilja Dragunov
37%
Women's 5 Ivy Nile
33%
Women's 6 Lola Vice
33%
Women's 24 Jacy Jayne
32%
Women's 27 Kelani Jordan
32%
Women's 7 Candice LeRae
22%
Women's 16 Zelina
19%
No matching quizzes found
Score Distribution
Percent of People with Each Score
Percentile by Number Answered
Your Score History
You have not taken this quiz